贵州省县级市 - Statistics

General Stats
  • This quiz has been taken 18 times
  • The average score is 7 of 10
Answers on the Map
Answers color-coded by a green-red scale on the quiz's map according to % correct below.
 
Answer Stats
Answer % Correct
兴义市
100%
凯里市
92%
都匀市
92%
赤水市
85%
仁怀市
77%
盘州市
69%
黔西市
69%
兴仁市
69%
清镇市
54%
福泉市
38%
No matching quizzes found
Score Distribution
Percent of People with Each Score
Percentile by Number Answered
Your Score History
You have not taken this quiz